Hegels Vorreden
שמור ב:
| מחבר ראשי: | |
|---|---|
| פורמט: | ספר |
| שפה: | Undetermined |
| יצא לאור: |
Alemania
F. H. Kerle Verlag
1970
|
| נושאים: | |
| תגים: |
הוספת תג
אין תגיות, היה/י הראשונ/ה לתייג את הרשומה!
|
MARC
| LEADER | 00000nam a2200000Ia 4500 | ||
|---|---|---|---|
| 008 | 170316s9999 xx 000 0 und d | ||
| 090 | |a 100 M-39.1h | ||
| 100 | |a Metzke, Erwin | ||
| 245 | |a Hegels Vorreden | ||
| 260 | |a Alemania | ||
| 260 | |b F. H. Kerle Verlag | ||
| 260 | |c 1970 | ||
| 300 | |a 284 páginas | ||
| 650 | |a FILOSOFÍA | ||
| 650 | |a EN IDIOMA ALEMAN | ||
| 999 | |c 17010 |d 17010 | ||
| 040 | |a cru BVZT | ||
| 942 | |c 15 D |h 100 M-39.1h |2 z | ||
